Statistics for Top 5 Best NBA teams of the 70's

Click here to take the quiz!

General Stats

  • This quiz has been taken 58 times
  • The average score is 4 of 5

Answer Stats

WinsTeam% Correct
485Los Angeles Lakers
100%
477Boston Celtics
96%
458New York Knicks
73%
492Milwaukee Bucks
69%
483Washington Bullets
53%

Score Distribution

Percentile by Number Answered

Percent of People with Each Score

Your Score History

You have not taken this quiz